00317nam a22001217a 4500008004100000040001800041041000800059100001600067245003800083260004400121300001800165650001200183130821s1924 fr gr fre  aCo-BoUCMbspa00afre aGuyon, Rene00aAnthologie BouddhiquecRene Guyon aParís (Francia)bG. Cres et Ciec1924 a203 páginas04aBudismo